000 00528nam a2200193Ia 4500
005 20250923145449.0
008 008 250917s9999 xx 000 0 eng d
037 _aTextual
040 _aDSWL
_beng
_cDSWL
041 _aeng
_2eng
084 _aW
_qDSWL
245 0 _aTowards Total Revolution : Search for an Ideology
_c by JayaPrakash Narayan
260 _aBombay
_bPopular Prakashan
_c1978
365 _aINR
_b62.5
490 _vVol. I
925 _g62.5
942 _cTEXL
_hW
999 _c1451662
_d1451662